Evaluación de la biodiversidad asociada, condiciones económicas y oportunidades de conservación en un enclave seco del altiplano cundiboyacense ventana Villa de Leyva - Sáchica. (Registro nro. 18070)

Detalles MARC
000 -CABECERA
Campo de control 00752nam a22001937a 4500
005 - FECHA Y HORA DE LA ULTIMA TRANSACCION
Campo de control 20160202112832.0
008 - ELEMENTOS DE LONGITUD FIJA—INFORMACION GENERAL
Campo de control 160201b2005 ck ||||| |||| 00| 0 spa d
040 ## - FUENTE DE CATALOGACIÓN
Agencia catalogadora original CO-BoIAVH
Agencia transcriptora CO-BoIAVH
041 ## - IDIOMA
Código de idioma para texto/pista de sonido o título separado Español
044 ## - PAÍS DE PUBLICACIÓN
País de publicación Colombia
090 ## - CLASIFICACIÓN LOCAL
Colección LB-
Consecutivo 05902
245 00 - MENCION DE TITULO
Título Evaluación de la biodiversidad asociada, condiciones económicas y oportunidades de conservación en un enclave seco del altiplano cundiboyacense ventana Villa de Leyva - Sáchica.
260 ## - PUBLICACION, DISTRIBUCION, ETC. (PIE DE IMPRENTA)
Lugar de publicación, distribución, etc. Bogotá:
Nombre del editor, distribuidor, etc. Ecosistemas secos de Colombia,
Fecha de publicación, distribución, etc. 2005.
300 ## - DESCRIPCION FISICA
Extensión 250 paginas +
Material acompañante 9 mapas
500 ## - NOTA GENERAL
Nota general Informe final
650 14 - ASIENTO SECUNDARIO DE MATERIA - TERMINO TEMATICO
Término temático o nombre geográfico como elemento de entrada Evaluación de la biodiversidad
Subdivisión general condiciones económicas
Subdivisión geográfica Villa de Leyva (Boyacá)
-- Sáchica (Boyacá)
9 (RLIN) 56438
650 14 - ASIENTO SECUNDARIO DE MATERIA - TERMINO TEMATICO
Término temático o nombre geográfico como elemento de entrada d
9 (RLIN) 56293
942 ## - ELEMENTOS ADICIONALES (KOHA)
Sistema de clasificación Local
Tipo de ítem Informe Técnico
Existencias
Withdrawn status Lost status Sistema de Clasificación Damaged status No para préstamo Colección Inventariado Ubicación Permanente Ubicación actual Fecha de adquisición Total Checkouts Número topográfico Inventario / Código de Barras Date last seen Price effective from Forma de adquisición Tipo de material
    Local     General Inventariado 2017 Bogotá Bogotá 01/02/2016   LB-05902 039658 01/02/2016 01/02/2016   Informe Técnico